000 00319nam a22001337a 4500
008 170529b xxu||||| |||| 00| 0 eng d
020 _a0050020822
041 _aeng
080 _a621.38
100 _a27
101 _aIM
245 _aELECTRONIC AND ELECTRICAL ENGINEERING TEXTS:7
_cCLARRICOATS,P.J
942 _2udc
_cBK
999 _c14764
_d14764